| 000 | 00353nam a2200145Ia 4500 | ||
|---|---|---|---|
| 008 | 150201s1991 xx 000 0 und d | ||
| 082 |
_a617 _bO91D |
||
| 100 | _aDUDLEY , H . | ||
| 245 | _aROB & SMIT ORTHOPEDIC OPERATIVE SURGERY -2 | ||
| 250 | _a4TH | ||
| 260 |
_bBUTTERWORTH _aBOMBAY _c1991 |
||
| 300 | _a1-1284 | ||
| 650 | _aSURGERY | ||
| 942 |
_2ddc _cBK |
||
| 999 |
_c1302 _d1302 |
||